000
00288nam a2200121Ia 4500
008
220204s9999 xx 000 0 und d
082
_a
632.95
_b
MAT;1
100
_a
G A
245
0
_a
Pesticide application methods
260
_a
London
_b
Longman
_c
1979
650
_a
Pesticides
942
_c
BK
999
_c
31375
_d
31375